Catálogo

Scott standard postage stamp : (Registro nro. 15461)

Detalles MARC
000 -LEADER
fixed length control field 01179cam a2200313 i 4500
001 - CONTROL NUMBER
control field 15461
003 - CONTROL NUMBER IDENTIFIER
control field Mx-PuUPA
005 - DATE AND TIME OF LATEST TRANSACTION
control field 20220330143144.0
008 - FIXED-LENGTH DATA ELEMENTS--GENERAL INFORMATION
fixed length control field 140415s1982 nyua gr 000 0 eng d
020 ## - INTERNATIONAL STANDARD BOOK NUMBER
International Standard Book Number 0894870459
040 ## - CATALOGING SOURCE
Original cataloging agency Mx-PuUPA
Language of cataloging spa
Transcribing agency Mx-PuUPA
Modifying agency Mx-PuUPA
Description conventions rda
041 0# - LANGUAGE CODE
Language code of text/sound track or separate title eng
110 2# - MAIN ENTRY--CORPORATE NAME
9 (RLIN) 12178
Corporate name or jurisdiction name as entry element Scott Publishing Co.
245 10 - TITLE STATEMENT
Title Scott standard postage stamp :
Remainder of title catalogue 1983 /
Statement of responsibility, etc. Scott ; publisher, Bert Taub, [editor]
250 ## - EDITION STATEMENT
Edition statement One Hundred and Thirty-ninth edition /
Remainder of edition statement in four volumes
264 #1 - PRODUCTION, PUBLICATION, DISTRIBUTION, MANUFACTURE, AND COPYRIGHT NOTICE
Place of production, publication, distribution, manufacture New York :
Name of producer, publisher, distributor, manufacturer Scott Publishing Co.,
Date of production, publication, distribution, manufacture, or copyright notice ©1982
300 ## - PHYSICAL DESCRIPTION
Extent 4 volúmenes (paginación varía) :
Other physical details ilustraciones ;
Dimensions 24 cm.
336 ## - CONTENT TYPE
Fuente rdacontent
Content type term texto
Content type code txt
337 ## - MEDIA TYPE
Source rdamedia
Media type term sin medio
Media type code n
338 ## - CARRIER TYPE
Source rdacarrier
Carrier type term volumen
Carrier type code nc
505 ## - FORMATTED CONTENTS NOTE
Miscellaneous information v.1.
Title United States and affiliated territories. --
Miscellaneous information v.2.
Title A-F. --
Miscellaneous information v.3.
Title G-O. --
Miscellaneous information v.4.
Title P-Z.
650 #7 - SUBJECT ADDED ENTRY--TOPICAL TERM
Topical term or geographic name entry element Sellos postales
Geographic subdivision Estados Unidos
Form subdivision Catálogos
Source of heading or term armarc
650 #7 - SUBJECT ADDED ENTRY--TOPICAL TERM
Topical term or geographic name entry element Filatelia
Source of heading or term armarc
651 #4 - SUBJECT ADDED ENTRY--GEOGRAPHIC NAME
Geographic name Naciones Unidas
General subdivision Sellos postales
Form subdivision Catálogos
700 12 - ADDED ENTRY--PERSONAL NAME
Personal name Taub, Bert,
Relator term editor
942 ## - ADDED ENTRY ELEMENTS (KOHA)
Source of classification or shelving scheme Dewey Decimal Classification
Koha item type Libro
Classification part 769.56
Item part S425
Existencias
Withdrawn status Lost status Source of classification or shelving scheme Damaged status Not for loan Collection code Home library Current library Shelving location Date acquired Source of acquisition Serial Enumeration / chronology Total Checkouts Full call number Barcode Date last seen Price effective from Koha item type Date last checked out
    Dewey Decimal Classification     Referencia Biblioteca Karol Wojtyla Biblioteca Karol Wojtyla Área de silencio 03/12/2013 Compra v.3   769.56 S425 1982 33026 05/01/2026 03/12/2013 Libro R  
    Dewey Decimal Classification     Referencia Biblioteca Karol Wojtyla Biblioteca Karol Wojtyla Área de silencio 03/12/2013 Compra v.2   769.56 S425 1982 33025 05/01/2026 03/12/2013 Libro R 30/04/2014
    Dewey Decimal Classification     Referencia Biblioteca Karol Wojtyla Biblioteca Karol Wojtyla Área de silencio 03/12/2013 Compra v.1   769.56 S425 1982 33024 05/01/2026 03/12/2013 Libro R  
    Dewey Decimal Classification     Referencia Biblioteca Karol Wojtyla Biblioteca Karol Wojtyla Área de silencio 03/12/2013 Compra v.4   769.56 S425 1982 33027 05/01/2026 03/12/2013 Libro R